书目信息 |
| 题名: |
FPA性格色彩入门
|
|
| 作者: | 乐嘉 著 | |
| 分册: | ||
| 出版信息: | 长沙 湖南文艺出版社 2012.05 |
|
| 页数: | 347页 | |
| 开本: | 23cm | |
| 丛书名: | ||
| 单 册: | ||
| 中图分类: | B848.6 | |
| 科图分类: | ||
| 主题词: | 性格--通俗读物 , 性格 | |
| 电子资源: | ||
| ISBN: | 978-7-5404-5448-7 | |
| 000 | 01076nam0 2200265 450 | |
| 001 | 005265697 | |
| 005 | 20130504150628.35 | |
| 010 | @a978-7-5404-5448-7@dCNY39.00 | |
| 100 | @a20120523d2012 em y0chiy0110 ea | |
| 101 | 0 | @achi |
| 102 | @aCN@b430000 | |
| 105 | @ay z 000yy | |
| 106 | @ar | |
| 200 | 1 | @aFPA性格色彩入门@9FPA xing ge se cai ru men@dFour-colors personality analysis@e跟乐嘉色眼识人@f乐嘉著@zeng |
| 210 | @a长沙@c湖南文艺出版社@d2012.05 | |
| 215 | @a347页@d23cm | |
| 330 | @a本书是一本关于实用心理学的工具书。书中将带你进入到内心最深处进行探索。你将学会如何找到自己的天赋潜能,并不加压抑地充分施展;你将通过进入每种性格的内心,看到别人怎么思考、怎么行事,真正理解你与他人的差别;你将能够审视自己读人的方法是否正确,以便拥有你所期望的与搭档、亲友间的健康关系。 | |
| 510 | 1 | @aFour-colors personality analysis@zeng |
| 517 | 1 | @a跟乐嘉色眼识人@9gen le jia se yan shi ren |
| 606 | 0 | @a性格@j通俗读物 |
| 606 | 0 | @a性格 |
| 690 | @aB848.6@v5 | |
| 701 | 0 | @a乐嘉@9le jia@f(1975~)@4著 |
| 801 | 0 | @aCN@bNLC@c20120608 |
| 905 | @b543304-08@dB848.6@e1105@f5 | |
| FPA性格色彩入门=Four-colors personality analysis:跟乐嘉色眼识人/乐嘉著.-长沙:湖南文艺出版社,2012.05 |
| 347页;23cm |
| ISBN 978-7-5404-5448-7:CNY39.00 |
| 本书是一本关于实用心理学的工具书。书中将带你进入到内心最深处进行探索。你将学会如何找到自己的天赋潜能,并不加压抑地充分施展;你将通过进入每种性格的内心,看到别人怎么思考、怎么行事,真正理解你与他人的差别;你将能够审视自己读人的方法是否正确,以便拥有你所期望的与搭档、亲友间的健康关系。 |
| ● |
| 相关链接 |
|
|
|
|
正题名:FPA性格色彩入门
索取号:B848.6/1105
 
预约/预借
| 序号 | 登录号 | 条形码 | 馆藏地/架位号 | 状态 | 备注 |
| 1 | 543304 | 205433048 | 第一样本阅览室/ [索取号:B848.6/1105] | 在馆 | |
| 2 | 543305 | 205433057 | 第一借阅区/ [索取号:B848.6/1105] | 在馆 | |
| 3 | 543306 | 205433066 | 第一借阅区/ [索取号:B848.6/1105] | 在馆 | |
| 4 | 543307 | 205433075 | 第一借阅区/ [索取号:B848.6/1105] | 在馆 | |
| 5 | 543308 | 205433084 | 第一借阅区/ [索取号:B848.6/1105] | 在馆 |